| 000 | 00543nam a2200229Ia 4500 | ||
|---|---|---|---|
| 001 | 16180 | ||
| 003 | GE_BSU | ||
| 008 | 181216s||||||||xx |||||||||||||| ||und|| | ||
| 020 | _a9780857778277 | ||
| 040 | _cGE_BSU | ||
| 080 | _a811.111+657 | ||
| 100 | _aTaylor,John. Peltier St. | ||
| 245 | _aAccounting: Book1.Book2.Book3 | ||
| 260 | _aNewbury | ||
| 260 | _bExpress Publishing | ||
| 260 | _c2011 | ||
| 300 | _a127p.ill.30cm. | ||
| 541 | _h27Gel.43T | ||
| 653 | _aAccounting | ||
| 653 | _aბუღალტერია | ||
| 942 | _cBK | ||
| 999 |
_c49265 _d49265 |
||